000 00437nam a2200157 4500
001 116440
003 ES-MaACL
005 20230906190716.0
007 t|
008 061121s1959 sp r ||||1| spa d
100 1 _aParrilla, Amparo.
_989261
245 1 3 _aEl niño y su mundo /
_cAmparo Parrilla.
260 _aMadrid :
_b[s.n.],
_c1959 (
_fGráf. Tejario)
300 _aVIII, 186 p. ;
_c23 cm.
852 _aES-MaACL
_jC-16551
_bR.44528
999 _c116440
_d116440